Poesía chilena: 1907-1917
保存先:
| 第一著者: | |
|---|---|
| フォーマット: | 図書 |
| 言語: | スペイン語 |
| 出版事項: |
Santiago
Nascimento
1971
|
| 版: | 1a. ed |
| シリーズ: | Biblioteca popular Nascimento
|
| 主題: | |
| タグ: |
タグ追加
タグなし, このレコードへの初めてのタグを付けませんか!
|
MARC
| LEADER | 00000cam a2200000 a 4500 | ||
|---|---|---|---|
| 001 | UCQ6526 | ||
| 003 | CL-VaPUC | ||
| 008 | 981016e19710000CL |||||||||||||||||spa|d | ||
| 082 | 0 | 4 | |a Ch861.08 |b CON |2 21 |
| 100 | 0 | |a Concha, Jaime |e author |9 420427 | |
| 245 | 1 | 0 | |a Poesía chilena: 1907-1917 |
| 250 | |a 1a. ed | ||
| 300 | |a 150 p | ||
| 942 | |c BK | ||
| 945 | |d 19981016 00:00:00 |a crobeson | ||
| 260 | |a Santiago |b Nascimento |c 1971 | ||
| 600 | 0 | 7 | |a PRADO, PEDRO |2 CL-VaPUC |9 315575 |
| 600 | 0 | 7 | |a GUZMAN, ERNESTO A |2 CL-VaPUC |9 420428 |
| 600 | 0 | |a Mondaca Cortés, Carlos Roberto, |d 1881-1928 |9 510621 | |
| 600 | 0 | |a Magallanes Moure, Manuel, |d 1878-1924 |9 390311 | |
| 600 | 0 | 7 | |a VEGA, DANIEL DE LA |2 CL-VaPUC |9 390328 |
| 600 | 0 | |a Jara, Max |d 1886-1965 |9 858139 | |
| 600 | 0 | 7 | |a GUZMAN CRUCHAGA, JUAN |2 CL-VaPUC |9 390337 |
| 650 | 0 | |a Poesías chilenas |9 265280 | |
| 650 | 0 | |a Literatura chilena |9 308278 | |
| 650 | 0 | |a Antologías |9 309836 | |
| 583 | |a last modification |c 20140711 10:15:33 |k Rodrigo Vera | ||
| 490 | 0 | |a Biblioteca popular Nascimento | |
| 999 | |c 276477 |d 276475 | ||
| 952 | |0 0 |1 0 |4 0 |6 CH_861_080000000000000_CON_1971 |7 0 |8 A |9 313732 |a BIBEDU |b BIBEDU |c ES_NOD |d 2019-11-20 |i 1482742 |o Ch861.08 CON 1971 |p 1482742 |r 2023-08-09 |w 2019-11-20 |y BK |k LIT | ||
| 952 | |0 0 |1 0 |3 erb |4 0 |6 CH_861_080000000000000_CON_1971 |7 0 |8 A |9 313733 |a BIBEDU |b BIBEDU |c ES_NOD |i 5006554 |o Ch861.08 CON 1971 |p 5006554 |r 2023-08-09 |w 2019-11-20 |y BK |z Catalogado en:20140717 |k LIT | ||